00516 2200193 4500001002100000005001500021035002000036007000300056008004100059082001100100084001700111100002700128245005500155250001100210260003300221300003000254600002400284990001400308INLIS00000000000691120210305091348 a0010-0321000281ta210305 g 0 ind  a342.03 a342.03 TIM u0 aTim Redaksi FOKUSMEDIA1 aUUD' 45 Dan Amandemennya /cTim Redaksi FOKUSMEDIA aCet. 1 aBandung :bfokusmedia,c2004 a92 hlm :b. ;c10 x 21 cm 4aUUD 45 dan Amademen a1071834 a